| 000 | 00746nam a2200229 a 4500 | ||
|---|---|---|---|
| 001 | 58384 | ||
| 003 | BD-RjUL | ||
| 005 | 20211209080620.0 | ||
| 008 | 161218s2004 bg 001 0 eng d | ||
| 020 | _a9845102247 | ||
| 035 | _a(BD-RjUL)58508 | ||
| 040 |
_aBD-RjUL _beng _cBD-RjUL |
||
| 041 | _aeng | ||
| 082 |
_a658.40095492 _bCHI 2004 |
||
| 100 | 1 |
_aChowdhury, Dhiman. _9173400 |
|
| 245 | 1 | 0 |
_aIncentives, control and development : _bgovernance in private and public sector with special reference to Bangladesh _cDhiman Chowdhury. |
| 260 |
_aDhaka : _bUniversity of Dhaka, _c2004. |
||
| 300 |
_a481 p. ; _c22 cm. |
||
| 650 | 0 |
_aCorporate governance _zBangladesh. _9173401 |
|
| 650 | 0 |
_aLocal government _zBangladesh. _9173402 |
|
| 942 |
_2ddc _cBK |
||
| 999 |
_c58384 _d58384 |
||